| 000 | 01183nam a2200301 i 4500 | ||
|---|---|---|---|
| 001 | 32710 | ||
| 003 | ES-MaACL | ||
| 005 | 20231118184435.0 | ||
| 007 | t| | ||
| 008 | 020615s2014 sp abde ||||1| spa d | ||
| 020 | _a978-84-96695-90-0 | ||
| 080 | _a904(460):7.032(37) | ||
| 080 | _a39(460)".../04" | ||
| 100 | 1 |
_aBermejo Tirado, Jesús. _9156951 |
|
| 245 | 1 | 0 |
_aArqueología de los espacios domésticos romanos : condiciones de vida y sociedad en la meseta nordeste durante el período imperial / _cJesús Bermejo Tirado. |
| 260 |
_aSoria : _bDiputación Provincial de Soria, _c2014. |
||
| 300 |
_a431 p. : _bil. col. y n., gráf., mapas, planos ; _c24 cm + _e1 CD-ROM. |
||
| 490 | 1 |
_aTemas sorianos ; _v59 |
|
| 504 | _aBibliografía: p. 345-404. Índices. | ||
| 651 | 4 |
_aEspaña- _xRestos arqueológicos romanos. _98491 |
|
| 651 | 4 |
_aEspaña- _xUsos y costumbres- _yHasta S.V. _9156952 |
|
| 710 | 1 |
_aSoria (Provincia). _bDiputación Provincial. _96880 |
|
| 830 | 0 |
_aTemas sorianos ; _v59 _9179839 |
|
| 852 |
_aES-MaACL _jA-13520 _933931 _bR.150370 _cDEPO1 _dOlim: N-6520 |
||
| 852 |
_aES-MaACL _jROT 2/7/5 (CD-ROM) |
||
| 942 |
_2udc _cMONOGRAFIA |
||
| 999 |
_c32710 _d32710 |
||